Earnings, rents, and competition in the airline labor market (Registro nro. 33497)

Detalles MARC
000 -LEADER
fixed length control field 00389 a2200121 4500
001 - CONTROL NUMBER
control field ART_43732
005 - DATE AND TIME OF LATEST TRANSACTION
control field 20260410162025.0
008 - FIXED-LENGTH DATA ELEMENTS--GENERAL INFORMATION
fixed length control field 260409a
100 1# - MAIN ENTRY--PERSONAL NAME
Personal name Hirsch, Barry T.
245 10 - TITLE STATEMENT
Title Earnings, rents, and competition in the airline labor market
700 1# - ADDED ENTRY--PERSONAL NAME
Personal name Macpherson, David A.
773 0# - HOST ITEM ENTRY
Title Journal of labor economics
Related parts - Vol. 18, Nº 1 (ene. 2000)
Record control number REV43438

No hay ítems disponibles.